000 00952cam a22002771 4500
001 3544
003 BD-RjUL
005 20211208233741.0
008 131219s1944 enk b 001 0 eng d
035 _a(BD-RjUL)3578
035 _a(OCoLC)510297
040 _aDLC
_cODaWU
_dOCoLC
_dDLC
_dBD-RjUL
_beng
041 _aeng
082 _a341.3
_bFRM 1944
100 1 _aFraenkel, Ernst,
_d1898-1975.
_911180
245 1 0 _aMilitary occupation and the rule of law:
_boccupation government in the Rhineland, 1918-1923 /
_cErnst Fraenkel.
260 _aLondon,
_aNew York [etc.]
_bOxford university press,
_cc1944.
300 _axi, 267 p. :
_c21 cm.
504 _aBibliography: p. 249-258.
651 0 _aRhineland (Germany)
_xPolitics and government.
_911182
710 2 _aCarnegie Endowment for International Peace.
_911183
942 _2ddc
_cBK
999 _c3544
_d3544